000 00681nam a2200229Ia 4500
005 20241129105804.0
008 241129s9999||||xx |||||||||||||| ||und||
020 _a978-0-367-76396-1
037 _aTB
040 _aARTS
_beng
_cARTS
041 _aeng
_2eng
084 _aL45:424C R2
_qARTS
100 _aSteytler Nico Ed.
_9473910
245 0 _aComparative federalism and covid - 19: combating the pandemic
_cSteytler Nico Ed.
260 _aUK
_bRoutledge
_c2018
300 _axx,433p.
365 _aUKP
_b34.99
490 _aRoutledge studies in federalism and decentralization
650 _aMedicine
942 _cTB
_hL45:424C R2
999 _c1225942
_d1225942